<?xml version="1.0" encoding="UTF-8"?>
<record
    xmlns:xsi="http://www.w3.org/2001/XMLSchema-instance"
    xsi:schemaLocation="http://www.loc.gov/MARC21/slim http://www.loc.gov/standards/marcxml/schema/MARC21slim.xsd"
    xmlns="http://www.loc.gov/MARC21/slim">

  <leader>01666    a2200241   4500</leader>
  <controlfield tag="003">NALT</controlfield>
  <controlfield tag="005">20260316105436.0</controlfield>
  <controlfield tag="008">240328b        th ||||| |||| 00| 0 tha d</controlfield>
  <datafield tag="020" ind1=" " ind2=" ">
    <subfield code="a">9786165813075</subfield>
  </datafield>
  <datafield tag="040" ind1=" " ind2=" ">
    <subfield code="a">NALT</subfield>
  </datafield>
  <datafield tag="090" ind1=" " ind2=" ">
    <subfield code="a">KH 11</subfield>
    <subfield code="b">&#xE2D;624&#xE04; 2566</subfield>
  </datafield>
  <datafield tag="100" ind1="0" ind2=" ">
    <subfield code="a">&#xE2D;&#xE32;&#xE19;&#xE31;&#xE19;&#xE17;&#xE4C; &#xE01;&#xE23;&#xE30;&#xE1A;&#xE27;&#xE19;&#xE28;&#xE23;&#xE35;</subfield>
    <subfield code="9">51348</subfield>
  </datafield>
  <datafield tag="245" ind1="1" ind2="0">
    <subfield code="a">&#xE04;&#xE27;&#xE32;&#xE21;&#xE23;&#xE39;&#xE49;&#xE17;&#xE31;&#xE48;&#xE27;&#xE44;&#xE1B;&#xE40;&#xE01;&#xE35;&#xE48;&#xE22;&#xE27;&#xE01;&#xE31;&#xE1A;&#xE01;&#xE0E;&#xE2B;&#xE21;&#xE32;&#xE22;&#xE01;&#xE32;&#xE23;&#xE04;&#xE25;&#xE31;&#xE07; =</subfield>
    <subfield code="b">Introduction to public finance law /</subfield>
    <subfield code="c">&#xE2D;&#xE32;&#xE19;&#xE31;&#xE19;&#xE17;&#xE4C; &#xE01;&#xE23;&#xE30;&#xE1A;&#xE27;&#xE19;&#xE28;&#xE23;&#xE35;</subfield>
  </datafield>
  <datafield tag="246" ind1="3" ind2="1">
    <subfield code="a">Introduction to public finance law.</subfield>
  </datafield>
  <datafield tag="260" ind1=" " ind2=" ">
    <subfield code="a">&#xE01;&#xE23;&#xE38;&#xE07;&#xE40;&#xE17;&#xE1E;&#xE2F; :</subfield>
    <subfield code="b">&#xE27;&#xE34;&#xE0D;&#xE0D;&#xE39;&#xE0A;&#xE19;,</subfield>
    <subfield code="c">2566. </subfield>
  </datafield>
  <datafield tag="300" ind1=" " ind2=" ">
    <subfield code="a">362 &#xE2B;&#xE19;&#xE49;&#xE32; :</subfield>
    <subfield code="b">&#xE20;&#xE32;&#xE1E;&#xE1B;&#xE23;&#xE30;&#xE01;&#xE2D;&#xE1A;, &#xE15;&#xE32;&#xE23;&#xE32;&#xE07; ;</subfield>
    <subfield code="c">26 &#xE0B;&#xE21;.</subfield>
  </datafield>
  <datafield tag="505" ind1="0" ind2=" ">
    <subfield code="a">&#xE1A;&#xE17;&#xE19;&#xE33; -- &#xE20;&#xE32;&#xE04; 1 &#xE01;&#xE0E;&#xE40;&#xE01;&#xE13;&#xE11;&#xE4C;&#xE17;&#xE32;&#xE07;&#xE01;&#xE32;&#xE23;&#xE04;&#xE25;&#xE31;&#xE07; -- &#xE1A;&#xE17;&#xE17;&#xE35;&#xE48; 1 &#xE01;&#xE32;&#xE23;&#xE04;&#xE25;&#xE31;&#xE07; -- &#xE1A;&#xE17;&#xE17;&#xE35;&#xE48; 2 &#xE27;&#xE34;&#xE19;&#xE31;&#xE22;&#xE17;&#xE32;&#xE07;&#xE01;&#xE32;&#xE23;&#xE04;&#xE25;&#xE31;&#xE07; -- &#xE20;&#xE32;&#xE04; 2 &#xE01;&#xE32;&#xE23;&#xE04;&#xE27;&#xE1A;&#xE04;&#xE38;&#xE21;&#xE15;&#xE23;&#xE27;&#xE08;&#xE2A;&#xE2D;&#xE1A;&#xE17;&#xE32;&#xE07;&#xE01;&#xE32;&#xE23;&#xE04;&#xE25;&#xE31;&#xE07; &#x2013; &#xE1A;&#xE17;&#xE17;&#xE35;&#xE48; 3 &#xE2A;&#xE20;&#xE32;&#xE1E;&#xE1A;&#xE31;&#xE07;&#xE04;&#xE31;&#xE1A;&#xE02;&#xE2D;&#xE07;&#xE27;&#xE34;&#xE19;&#xE31;&#xE22;&#xE17;&#xE32;&#xE07;&#xE01;&#xE32;&#xE23;&#xE04;&#xE25;&#xE31;&#xE07; -- &#xE1A;&#xE17;&#xE17;&#xE35;&#xE48; 4 &#xE04;&#xE14;&#xE35;&#xE27;&#xE34;&#xE19;&#xE31;&#xE22;&#xE17;&#xE32;&#xE07;&#xE01;&#xE32;&#xE23;&#xE04;&#xE25;&#xE31;&#xE07; -- &#xE1A;&#xE17;&#xE2A;&#xE48;&#xE07;&#xE17;&#xE49;&#xE32;&#xE22;.</subfield>
  </datafield>
  <datafield tag="650" ind1=" " ind2="4">
    <subfield code="a">&#xE01;&#xE32;&#xE23;&#xE04;&#xE25;&#xE31;&#xE07;</subfield>
    <subfield code="x">&#xE01;&#xE0E;&#xE2B;&#xE21;&#xE32;&#xE22;&#xE41;&#xE25;&#xE30;&#xE23;&#xE30;&#xE40;&#xE1A;&#xE35;&#xE22;&#xE1A;&#xE02;&#xE49;&#xE2D;&#xE1A;&#xE31;&#xE07;&#xE04;&#xE31;&#xE1A;</subfield>
    <subfield code="9">9986</subfield>
  </datafield>
  <datafield tag="650" ind1=" " ind2="4">
    <subfield code="a">&#xE07;&#xE1A;&#xE1B;&#xE23;&#xE30;&#xE21;&#xE32;&#xE13; </subfield>
    <subfield code="x">&#xE01;&#xE0E;&#xE2B;&#xE21;&#xE32;&#xE22;&#xE41;&#xE25;&#xE30;&#xE23;&#xE30;&#xE40;&#xE1A;&#xE35;&#xE22;&#xE1A;&#xE02;&#xE49;&#xE2D;&#xE1A;&#xE31;&#xE07;&#xE04;&#xE31;&#xE1A;</subfield>
    <subfield code="9">18670</subfield>
  </datafield>
  <datafield tag="942" ind1=" " ind2=" ">
    <subfield code="c">LB</subfield>
    <subfield code="2">local</subfield>
  </datafield>
  <datafield tag="996" ind1=" " ind2=" ">
    <subfield code="a">saiphon.d</subfield>
    <subfield code="b">CATSTF	</subfield>
    <subfield code="c">2024-03-28</subfield>
  </datafield>
  <datafield tag="999" ind1=" " ind2=" ">
    <subfield code="c">104947</subfield>
    <subfield code="d">104947</subfield>
  </datafield>
  <datafield tag="998" ind1=" " ind2=" ">
    <subfield code="j">8</subfield>
    <subfield code="k"> &#xE19;&#xE32;&#xE22;&#xE1A;&#xE31;&#xE13;&#xE11;&#xE34;&#xE15;  &#xE2D;&#xE38;&#xE17;&#xE32;&#xE27;&#xE07;&#xE04;&#xE4C;</subfield>
  </datafield>
  <datafield tag="952" ind1=" " ind2=" ">
    <subfield code="0">0</subfield>
    <subfield code="1">0</subfield>
    <subfield code="2">local</subfield>
    <subfield code="4">0</subfield>
    <subfield code="7">0</subfield>
    <subfield code="8">CGBL</subfield>
    <subfield code="a">NALT</subfield>
    <subfield code="b">NALT</subfield>
    <subfield code="c">GEN</subfield>
    <subfield code="d">2024-03-14</subfield>
    <subfield code="e">193</subfield>
    <subfield code="l">20</subfield>
    <subfield code="m">10</subfield>
    <subfield code="o">KH 11 &#xE2D;624&#xE04; 2566</subfield>
    <subfield code="p">3961222826</subfield>
    <subfield code="q">2026-03-23</subfield>
    <subfield code="r">2026-03-16 00:00:00</subfield>
    <subfield code="s">2026-03-16</subfield>
    <subfield code="w">2024-03-14</subfield>
    <subfield code="y">LB</subfield>
  </datafield>
</record>
